000 00733nam a2200289Ia 4500
005 20260324141910.0
008 008 260324s9999 xx 000 0 eng d
020 _a9781003557388
037 _aEBOOK
040 _aCRL
040 _beng
040 _cCRL
041 _2eng
041 _aeng
084 _qCRL
100 _aJohn Slater; Assisted by Peter Köllner
_91209929
245 4 _aThe Collected Papers of Bertrand Russell, Volume 10
245 2 _bA Fresh Look at Empiricism, 1927-1946
260 _bTaylor and Francis
260 _c1996
365 _a
365 _b450
856 _uhttp://www.taylorfrancis.com/books/9781003557388
942 _cEBOOK
999 _c1813508
_d1813508